[Event "ISR-chT 2020"]
[Site "Israel"]
[Date "2020.02.07"]
[Round "5.13"]
[White "Gruenfeld, Yehuda"]
[Black "Rodshtein, Maxim"]
[Result "0-1"]
[WhiteElo "2432"]
[BlackElo "2628"]
[Annotator "TA"]
[PlyCount "138"]
[EventDate "2020.01.10"]
[EventType "team-tourn"]
[EventCountry "ISR"]
[SourceTitle "playchess.com"]
[Source "ChessBase"]
[SourceQuality "1"]

{[%evp 9,138,6,24,20,18,10,27,18,34,32,49,35,85,79,80,43,52,25,25,26,60,43,68,22,28,0,25,0,0,0,11,4,12,-19,27,14,13,-6,0,0,0,0,-8,-25,0,0,0,0,0,-9,0,0,0,-81,-70,-84,-18,-118,-113,-128,-131,-133,-118,-118,-118,-167,-167,-167,-167,-167,-167,-167,-167,-167,-167,-167,-167,-167,0,-167,-167,-318,-333,-322,-304,-276,-289,-310,-301,-392,-391,-386,-351,-504,-485,-493,-478,-476,-470,-473,-442,-677,-662,-639,-632,-670,-668,-671,-660,-993,-852,-841,-834,-1467,-1411,-1595,-1580,-1479,-1331,-29973,-29976,-29975,-29975,-5632,-29975,-29975,-29976,-29971,-12208,-29984,-29985]} 1. e4 c5 2. Nf3 d6 3. Bb5+ Nd7 4. O-O a6 5. Bd3 Ngf6 6. c3 {B51: Sicilian: Moscow Variation (3 Bb5+) without 3...Bd7.} b5 7. Bc2 Bb7 8. Qe2 {White has an edge.} c4 9. b3 cxb3 $5 {[%mdl 4] Leaves trodden paths.} 10. axb3 e5 11. d4 Be7 {[#]} 12. Nbd2 $146 ({Predecessor:} 12. Rd1 Qc7 13. Bb2 O-O 14. Nbd2 exd4 15. c4 Rfe8 16. Nxd4 bxc4 17. Nxc4 d5 18. Na5 dxe4 19. Nxb7 Qxb7 {½-½ (39) Kobalia,M (2609)-Vachier Lagrave,M (2780) Moscow 2019}) 12... O-O 13. d5 Qc7 14. Bb2 Nb6 15. Rfc1 Nfd7 16. c4 b4 17. Nf1 Nc5 18. Rcb1 a5 19. Bc1 Bc8 20. Ne1 h6 21. Nd3 Bg5 22. Bxg5 hxg5 23. Qe3 f6 24. Nxc5 Qxc5 25. Qd2 Bd7 26. Ne3 Kf7 27. Bd1 Rfb8 28. h3 g6 29. Ra2 Rh8 30. Rba1 Rh4 31. Bg4 (31. Bf3 $11 {remains equal.}) 31... Bxg4 $17 32. Nxg4 a4 $1 {[%cal Ba5a4,Ba4a3][%mdl 32]} 33. Rb1 (33. bxa4 $11 b3 34. Rb2 Nxc4 {[%mdl 64] Double Attack} 35. Qc3 Nxb2 36. Qxb3) 33... a3 34. Kh2 Rah8 {aiming for ...Rxg4.} 35. f3 {Threatening Nf2.} Nd7 36. Nf2 {White wants to play Nd3.} Rb8 37. g3 Rh7 38. Kg2 Qb6 39. Rf1 Rbh8 40. Rh1 Nc5 41. Nd3 Nxd3 ({Inferior is} 41... Nxb3 42. Qxb4 Qxb4 43. Nxb4 $11) 42. Qxd3 Qc5 43. Qd2 Qc8 $2 (43... Rh6 $19 44. Raa1 R6h7) 44. g4 $2 (44. Qxb4 $11 Rxh3 45. Rha1) 44... Qc5 $19 45. Qf2 $2 (45. Qe2 {was necessary.}) 45... Qxf2+ 46. Rxf2 {[%mdl 4096] Endgame KRR-KRR} Ke7 47. Rc2 {[#]} Rc8 $1 48. Kg3 Kd7 49. Rhc1 Rc5 50. Rh1 Ra5 51. Ra2 (51. Rhc1 $142 Kc7 52. Rh1) 51... Kc7 52. Kf2 Kb6 53. Ke3 Kc5 54. Kd3 Ra8 55. Ke3 (55. Rg2 $142 a2 56. Rgg1) 55... Rah8 56. Rah2 Rh4 57. Kd3 {[#]} f5 $1 {[%mdl 512]} 58. exf5 gxf5 59. gxf5 Rf8 60. Ke3 Rxf5 61. Rg1 Rhf4 62. Rg3 {[#]} e4 $1 {[%mdl 512]} 63. fxe4 Re5 64. Rxg5 Rfxe4+ 65. Kf3 Re3+ 66. Kf4 Rxg5 67. Kxe3 Rg3+ 68. Ke4 Rxb3 69. h4 Rb2 {Accuracy: White = 55%, Black = 90%.} 0-1

[Event "ISR-chT 2020"]
[Site "Israel"]
[Date "2020.02.07"]
[Round "5.14"]
[White "Postny, Evgeny"]
[Black "Berkovich, Mark A"]
[Result "1-0"]
[WhiteElo "2608"]
[BlackElo "2323"]
[Annotator "TA"]
[PlyCount "79"]
[EventDate "2020.01.10"]
[EventType "team-tourn"]
[EventCountry "ISR"]
[SourceTitle "playchess.com"]
[Source "ChessBase"]
[SourceQuality "1"]

{[%evp 15,79,42,41,29,42,18,40,10,25,29,29,16,47,37,45,47,54,56,70,45,79,84,87,50,103,45,43,60,91,47,84,7,16,-9,0,8,0,-15,-18,-37,0,0,0,0,27,13,29,24,24,24,24,25,26,17,82,77,85,81,154,147,149,64,79,39,499,491]} 1. d4 Nf6 2. c4 e6 3. Nf3 Bb4+ 4. Nbd2 O-O 5. a3 Be7 6. e4 d6 7. Bd3 Nbd7 8. O-O e5 9. b3 {E11: Bogo-Indian.} a5 10. Bb2 Re8 11. Re1 {White is slightly better.} c6 12. Bf1 Bf8 {[#]} 13. d5 $146 ({Predecessor:} 13. Qc2 exd4 14. Nxd4 Qb6 15. h3 Ne5 16. Rad1 Bd7 17. g3 Rac8 18. Bg2 Qa7 19. Kh2 {½-½ (66) Mirzoeva,E (2235)-Kosteniuk,A (2527) Moscow 2014}) 13... Nc5 14. b4 axb4 15. axb4 Rxa1 16. Qxa1 Na6 17. Bc3 cxd5 18. cxd5 ({Reject} 18. exd5 $6 b5 $11) 18... Nh5 19. g3 g6 {[#]} (19... Nc7 $14) 20. Nc4 ({Better is} 20. b5 $1 $16 {[%cal Rb5a6]} Nc5 21. Bb4) 20... f5 $14 21. exf5 gxf5 22. Bd2 Nf6 23. Ne3 (23. Bg5 $16) 23... Ne4 24. Bb5 (24. Bc1 {keeps more tension.} Nxb4 25. Qb1 Qa5 26. Nd2 Nc3 27. Qb3) 24... Nxd2 25. Nxd2 Re7 $1 26. Qb1 Rf7 27. Be2 Qb6 28. Bh5 Rf6 29. Ndc4 Qxb4 (29... Qd8 {feels hotter.} 30. Kh1 Bg7 31. f4 Rf8 32. Be2 e4) 30. Nb6 $36 {[%mdl 2048] White has good play.} f4 31. Qxb4 Nxb4 32. Nxc8 {aiming for Ng4.} fxe3 33. Rxe3 Nxd5 34. Rb3 Ne7 (34... e4 $11) 35. Nb6 $16 d5 36. Nd7 {[%mdl 64] Discovered Attack} Rh6 (36... Rd6 $142 37. Nxe5 b6) 37. Rxb7 Nc6 {[#]} 38. Rc7 (38. Bd1 $1 $16) 38... Be7 39. Bg4 Kf7 $2 {[%mdl 8192] [#]} ({Black should play} 39... e4 $14) 40. Rxc6 $1 {[%mdl 576] Remove Defender. Accuracy: White = 70%, Black = 58%.} 1-0

[Event "ISR-chT 2020"]
[Site "Israel"]
[Date "2020.02.07"]
[Round "5.15"]
[White "Maryasin, Boris"]
[Black "Steinberg, Nitzan"]
[Result "0-1"]
[WhiteElo "2315"]
[BlackElo "2542"]
[Annotator "TA"]
[PlyCount "40"]
[EventDate "2020.01.10"]
[EventType "team-tourn"]
[EventCountry "ISR"]
[SourceTitle "playchess.com"]
[Source "ChessBase"]
[SourceQuality "1"]

{[%evp 20,80,0,0,0,-2,0,-39,-12,-19,-17,-68,-71,-70,-65,-83,-83,-89,-91,-122,-67,-139,-124,-114,-81,-173,-189,-191,-192,-185,-187,-190,-170,-169,-182,-192,-181,-243,-228,-283,-267,-348,-336,-400,-147,-392,-365,-437,-427,-383,-282,-694,-696,-687,-670,-1219,-1166,-863,-752,-5297,-5297,-4802,-1820]} 1. e4 c5 2. Nf3 d6 3. d4 cxd4 4. Nxd4 Nf6 5. Nc3 a6 6. f4 e5 7. Nf3 Qc7 8. Bd3 Be7 9. O-O O-O 10. Kh1 Nbd7 11. a4 Nc5 $1 {[%mdl 4] 11...Nc5 scores better than 11...b6. B93: Sicilian Najdorf: 6 f4.} 12. Qe1 Re8 13. Nh4 exf4 {Black is slightly better.} 14. Bxf4 Be6 15. Nf5 ({White should try} 15. Nf3 $11) 15... Bxf5 $1 $15 16. exf5 {[#]} Qc6 $146 ({Predecessor:} 16... Nxd3 17. cxd3 Qb6 18. Qf2 Qb3 19. a5 d5 20. h3 Rac8 21. Be3 h6 22. Bd4 Nd7 {0-1 (53) Nordby,B-Pytel,K (2435) Skien 1978}) 17. Qd1 d5 18. Be5 Rad8 19. Qf3 Nfe4 (19... Nce4 $17 20. Qf4 Nh5) 20. Rae1 (20. Bxe4 $15 Nxe4 21. Bd4 (21. Nxe4 dxe4 22. Qg4 Bf6 $17)) 20... Nd2 {Played: Be7-h4} 0-1

[Event "ISR-chT 2020"]
[Site "Israel"]
[Date "2020.02.07"]
[Round "5.16"]
[White "Roiz, Michael"]
[Black "Polyakov, Alex"]
[Result "1-0"]
[WhiteElo "2598"]
[BlackElo "2235"]
[Annotator "TA"]
[PlyCount "57"]
[EventDate "2020.01.10"]
[EventType "team-tourn"]
[EventCountry "ISR"]
[SourceTitle "playchess.com"]
[Source "ChessBase"]
[SourceQuality "1"]

{[%evp 12,57,50,22,54,50,65,63,79,73,116,51,58,0,104,102,109,107,114,122,162,112,104,119,116,103,110,105,131,92,105,91,122,116,140,111,145,120,246,239,245,252,250,222,308,290,308,299]} 1. d4 d5 2. c4 e6 3. Nf3 Nf6 4. Nc3 Be7 5. Bf4 O-O 6. e3 a6 7. Qc2 Nc6 {D37: Queen's Gambit Declined: 5 Bf4} 8. a3 h6 9. Rd1 {[#]} Nh5 $146 {White is slightly better.} ({Predecessor:} 9... Bd6 10. Ne5 Bd7 11. Be2 dxc4 12. Bxc4 Nh5 13. O-O Nxf4 14. exf4 Ne7 {1-0 (32) Oparin,G (2597)-Yanchenko,R (2414) Vladivostok 2016}) 10. Be5 g6 11. Bg3 (11. Be2 $16) 11... Bf6 $14 12. Be5 (12. cxd5 $14 exd5 13. Qb3) 12... Bg7 (12... Be7 $11 {keeps the balance.}) 13. Bxg7 $16 Nxg7 14. Be2 Na5 15. b3 {[%cal Bb2b3,Bb3b4][%mdl 32]} Qe7 16. Qb2 dxc4 17. b4 Nc6 {[%cal Ba5c6,Bc6b8,Bb8d7,Bd7b6][%mdl 32]} 18. Bxc4 Nb8 19. O-O Nd7 20. Ba2 Rd8 21. e4 Nb6 22. Ne5 Bd7 23. d5 Be8 24. dxe6 Nxe6 {[#]} (24... fxe6 $16 {was called for.} 25. Qc1 Rxd1 26. Rxd1 Rd8) 25. Nd5 $1 $18 Nxd5 26. exd5 Ng7 {[#]} 27. Nxg6 $1 {[%mdl 512]} Qg5 (27... fxg6 28. d6+) 28. Ne5 Nf5 29. Rfe1 {Accuracy: White = 76%, Black = 55%.} 1-0

[Event "ISR-chT 2020"]
[Site "Israel"]
[Date "2020.02.07"]
[Round "5.17"]
[White "Rahmilevitz, Anton"]
[Black "Greenfeld, Alon"]
[Result "1/2-1/2"]
[WhiteElo "2224"]
[BlackElo "2510"]
[Annotator "TA"]
[PlyCount "87"]
[EventDate "2020.01.10"]
[EventType "team-tourn"]
[EventCountry "ISR"]
[SourceTitle "playchess.com"]
[Source "ChessBase"]
[SourceQuality "1"]

{[%evp 12,87,6,8,41,34,33,8,49,0,0,4,0,0,18,0,0,0,0,-27,8,8,10,0,0,0,0,0,0,0,0,-9,-2,-39,-39,-46,-45,-35,-43,-44,-31,-22,-29,-72,-79,-93,-99,-145,-150,-156,-110,-166,-141,-174,-183,-318,-318,-332,-339,-416,-398,-369,-189,-221,-83,-76,0,0,93,31,406,398,352,0,0,0,0,0]} 1. e4 c5 2. Nf3 Nc6 3. Bb5 g6 4. O-O Bg7 5. c3 Nf6 6. Re1 O-O 7. d4 a6 {B31: Sicilian: 2...Nc6 3 Bb5 g6.} 8. Bxc6 dxc6 9. e5 Ne8 10. h3 (10. dxc5 $5 {[%cal Rd1d8]} Qxd1 11. Rxd1 $14) 10... cxd4 11. cxd4 Nc7 12. Nc3 {[#]} Bf5 $146 ({Predecessor:} 12... Be6 13. Bf4 Bd5 14. a3 Ne6 15. Bg3 Bxf3 16. Qxf3 Nxd4 17. Qd1 Qb6 18. b4 a5 19. bxa5 Rxa5 {0-1 (32) Hurley,K-Smith,M England 1999}) 13. Nh4 Be6 14. Be3 Nd5 15. Qd2 Nxe3 16. Qxe3 Qa5 17. a3 Rad8 18. b4 Qb6 19. Red1 Bb3 20. Rd2 f6 {next ...fxe5 is good for Black.} 21. Ne4 {Threatens to win with exf6.} Bf7 22. Qc3 fxe5 23. dxe5 Rxd2 24. Nxd2 Bd5 $36 {[%mdl 2048] Black has some pressure.} 25. Nhf3 Rf4 26. Re1 Qa7 27. Re2 {[#]} a5 $1 {[%mdl 512]} 28. bxa5 Ra4 29. Re3 Qxa5 30. Qb2 Qb5 31. Qc3 (31. Qxb5 $17 cxb5 32. Ne1) 31... Qb6 32. Re1 Qa5 33. Qb2 (33. Qxa5 {keeps fighting.} Rxa5 34. Re3) 33... Rxa3 $19 34. Rd1 b5 35. Nb1 Ra2 36. Qd4 {intending Nc3.} Ra4 (36... Ra1 $142 {...b4 is the strong threat.} 37. Nc3 Rxd1+ 38. Nxd1 Bxf3 39. gxf3 Qe1+ {[%mdl 64] Double Attack} 40. Kg2 Qxe5) 37. Qc5 Qb4 (37... Bxf3 $19 38. gxf3 Qc7) 38. Rxd5 $17 Qxb1+ (38... cxd5 $17 39. Qxd5+ {[#]} e6 $1 {[%mdl 512]} 40. Qxe6+ Kh8) 39. Kh2 $11 Qf5 ({Wrong is} 39... cxd5 $2 40. Qxd5+ e6 41. Qxe6+ Kf8 42. Qc8+ Ke7 43. Qc7+ Ke6 44. Qc6+ Ke7 45. Qc7+ Ke6 46. Qd6+ Kf5 47. Qd7+ {[%mdl 64] Double Attack} Ke4 48. Nd2+ {[%mdl 64] Double Attack} Kxe5 49. Qxg7+ {[%mdl 64] Double Attack} Kd5 50. Nxb1 $18) (39... Qe4 $11 {remains equal.} 40. Rd8+ Bf8) 40. Rd8+ (40. Qxc6 $16 h5 41. Rxb5) 40... Kf7 $2 {[%mdl 8192] [#]} ({Black should play} 40... Bf8 $14) 41. e6+ $1 $18 {[%mdl 576] Decoy} Kxe6 (41... Qxe6 42. Ng5+) 42. Ng5+ $2 (42. Qxc6+ $18 Kf7 43. g4 Qf4+ 44. Kg2) 42... Kf6 $11 43. Nxh7+ Kf7 44. Ng5+ {Accuracy: White = 60%, Black = 59%.} 1/2-1/2

[Event "ISR-chT 2020"]
[Site "Israel"]
[Date "2020.02.07"]
[Round "5.18"]
[White "Mikhalevski, Victor"]
[Black "Musyuk, Lior"]
[Result "1/2-1/2"]
[WhiteElo "2571"]
[BlackElo "2327"]
[Annotator "TA"]
[PlyCount "30"]
[EventDate "2020.01.10"]
[EventType "team-tourn"]
[EventCountry "ISR"]
[SourceTitle "playchess.com"]
[Source "ChessBase"]
[SourceQuality "1"]

{[%evp 12,30,0,0,0,-6,16,13,15,9,18,-37,-43,-53,-53,-72,-81,-165,-77,-120,-30]} 1. Nf3 c5 2. c4 Nc6 3. Nc3 Nf6 4. e3 e6 5. d4 d5 6. dxc5 Bxc5 7. a3 O-O {D40: Queen's Gambit Declined: Semi-Tarrasch with 5 e3.} 8. b4 Bb6 9. Bb2 Qe7 {The position is equal.} 10. cxd5 Rd8 {[%cal Re6d5]} 11. d6 (11. Be2 $11) 11... Rxd6 $15 {[#]} 12. Qb1 $146 ({Predecessor:} 12. Qc2 e5 13. Be2 Nd4 14. exd4 exd4 15. O-O dxc3 16. Bxc3 Bg4 17. Rae1 Rc8 18. Qb2 {0-1 (28) Miles,A (2575)-Portisch,L (2630) Luzern 1982}) 12... e5 13. Ng5 {[#]} h6 $1 {[%cal Rh6g5]} 14. Nge4 (14. h4 $17) 14... Nxe4 (14... Bf5 $19 {and Black stays clearly on top. White must now prevent ...Nxe4.} 15. Be2 Nxe4 16. Nxe4 Qh4) 15. Nxe4 Rd8 {Accuracy: White = 64%, Black = 73%.} (15... Bf5 $17 16. Be2 {[#]} Bxe3 $1 {[%mdl 512]} 17. fxe3 Qh4+ {[%mdl 64] Double Attack} 18. g3 Qxe4 19. Qxe4 Bxe4) 1/2-1/2

[Event "ISR-chT 2020"]
[Site "Israel"]
[Date "2020.02.07"]
[Round "5.19"]
[White "Sivuk, Vitaly"]
[Black "Bakalchuk, Johnatan"]
[Result "1-0"]
[WhiteElo "2579"]
[BlackElo "2443"]
[Annotator "TA"]
[PlyCount "104"]
[EventDate "2020.01.10"]
[EventType "team-tourn"]
[EventCountry "ISR"]
[SourceTitle "playchess.com"]
[Source "ChessBase"]
[SourceQuality "1"]

{[%evp 13,104,33,42,41,46,33,31,0,22,17,22,30,37,26,29,38,28,-74,-82,-43,-35,-31,-32,-21,0,-38,-33,-97,-85,-80,-80,-85,-81,-118,-137,-154,-85,-91,-88,-25,40,47,132,92,177,158,160,158,145,142,239,237,234,232,232,225,200,203,246,240,310,293,356,343,349,348,633,352,633,626,585,578,504,461,812,812,800,800,797,797,797,797,797,797,800,793,793,453,453,453,6329,5065,1635]} 1. d4 Nf6 2. c4 g6 3. Nc3 Bg7 4. e4 d6 5. h3 O-O 6. Be3 e5 7. d5 Na6 8. g4 {E71: King's Indian: 4 e4 d6 5 h3.} Nc5 9. Qc2 c6 10. g5 $5 {[%mdl 4] White is slightly better. Leaves trodden paths.} Nh5 11. O-O-O cxd5 12. Nxd5 Ne6 13. h4 {[#]} Nd4 $146 ({Predecessor:} 13... Bd7 14. Kb1 Nhf4 15. Ne2 Nxd5 16. cxd5 Rc8 17. Qd2 Nc5 18. Ng3 f5 19. gxf6 Bxf6 {1-0 (45) Anton Guijarro,D (2667)-Adhiban,B (2701) Havana 2019}) 14. Bxd4 exd4 15. Bh3 (15. Kb1 $11 {keeps the balance.}) 15... b5 $17 {Strongly threatening ...bxc4.} 16. Kb1 (16. cxb5 $2 Bxh3 17. Kb1 Rc8 $19) 16... Bxh3 17. Rxh3 ({Much weaker is} 17. Nxh3 Rc8 $17) 17... Rc8 18. Ne2 Qd7 19. Ra3 Rxc4 20. Qd3 (20. Qb3 $15) 20... f5 21. gxf6 Nxf6 22. Nxf6+ Bxf6 23. h5 gxh5 24. Ng3 Rc5 (24... h4 $142 25. Nf5 Kh8) 25. Nf5 d5 {Threatens to win with ...dxe4.} 26. Nxd4 dxe4 (26... Kh8 $11 27. Ne2 {[#]} a5 $1 {[%mdl 512]}) 27. Qb3+ $1 $14 Qf7 ({Black should play} 27... Qd5 $1 $14 28. Ne6 {[%mdl 64] Double Attack} Qxb3 29. axb3 Rcc8) 28. Ne6 $16 Rf5 (28... Rg5 $16) 29. Rg1+ ({Don't take} 29. Nxf8 Qxb3 30. axb3 Kxf8 $16) 29... Kh8 30. Nxf8 Qxf8 31. Qc2 {Black must now prevent Rag3.} Bd4 (31... Bg7 $16 {keeps fighting.} 32. Rxa7 Rxf2) 32. Qxe4 $18 Rf4 33. Qd5 $40 {[%mdl 128] Hoping for Rag3. White is out for blood.} Qf5+ 34. Qxf5 Rxf5 {[%mdl 4096] Endgame KRR-KRB} 35. Rd3 Bb6 36. Rd7 h4 37. Rg4 h5 38. Rxh4 Bxf2 39. Re4 {Intending Re8+ and mate.} Rg5 $2 (39... Bc5 40. b4 Bf8 41. Rxa7 Kg8) 40. Re8+ Rg8 {[#]} 41. Re5 $1 {[%cal Re5h5] White is clearly winning.} Rg1+ 42. Kc2 h4 43. Rxb5 Rg7 (43... Rg6 $142 44. Rf5 Bb6 45. Rh5+ Kg8 46. Rxh4 Rg2+ 47. Kc3 Rg3+ 48. Rd3 Rg7) 44. Rxg7 Kxg7 {KR-KB} 45. Kd3 Kf6 46. Ke4 Ke6 47. Rh5 Kd6 48. b4 Be1 49. Rh6+ Kc7 50. a3 a5 51. b5 a4 (51... Bg3 $142 52. a4 Bf2) 52. Kd5 Kb7 {Accuracy: White = 82%, Black = 59%.} 1-0

[Event "ISR-chT 2020"]
[Site "Israel"]
[Date "2020.02.07"]
[Round "5.20"]
[White "Zoler, Dan"]
[Black "Deutsch, Eyal"]
[Result "1-0"]
[WhiteElo "2485"]
[BlackElo "2337"]
[Annotator "TA"]
[PlyCount "59"]
[EventDate "2020.01.10"]
[EventType "team-tourn"]
[EventCountry "ISR"]
[SourceTitle "playchess.com"]
[Source "ChessBase"]
[SourceQuality "1"]

{[%evp 14,59,39,18,25,6,30,25,47,31,51,47,47,51,61,33,90,90,216,113,137,120,162,135,198,197,227,182,204,205,357,308,359,348,347,226,973,292,1474,396,396,396,396,395,29989,29990,29990,29991]} 1. d4 Nf6 2. c4 e6 3. Nf3 b6 4. g3 Ba6 5. Nbd2 Bb7 6. Bg2 c5 7. e4 cxd4 8. Nxd4 Bc5 {E15: Queen's Indian: 4 g3 sidelines, 4 g3 Ba6 and 4 g3 Bb7 early deviations} 9. N4b3 Be7 10. O-O e5 {White has an edge.} 11. Qe2 {[#]} Na6 $146 ({Predecessor:} 11... d6 12. Rd1 Nbd7 13. Nf1 O-O 14. f3 Nc5 15. Ne3 g6 16. Bd2 Nfd7 17. Be1 Qc7 {0-1 (48) Cox,J (2351)-Arkell,K (2474) Telford 2016}) 12. Nb1 O-O 13. Nc3 Nc5 14. f4 d6 (14... Nxb3 $14 15. axb3 Bc5+ 16. Kh1 Bd4) 15. Nxc5 $16 dxc5 (15... bxc5 $16 16. fxe5 dxe5) 16. Be3 (16. fxe5 $18 Ne8 17. Nd5) 16... Qb8 17. Rad1 Bc6 18. g4 exf4 (18... Rd8 $16 {might work better.}) 19. Bxf4 $18 Qb7 20. g5 Nd7 21. Nd5 Bd8 $2 (21... Rfe8 22. Nc7 Nf8 23. Nxa8 (23. Nxe8 Rxe8 24. e5 Rd8 $16) 23... Rxa8) 22. Rd3 Re8 23. Qh5 Nf8 24. e5 {And now Be4 would win.} Bc7 $2 {[#]} (24... b5) 25. e6 $2 (25. Nf6+ $1 {[%mdl 512]} gxf6 26. gxf6) 25... fxe6 $2 {[#]} (25... Bxf4 26. exf7+ (26. Rxf4 Rxe6 27. Rdf3 Re1+ 28. Kf2 Bxd5 $15) (26. Nxf4 fxe6 27. Bxc6 Qxc6 $11) 26... Qxf7 27. Qxf7+ (27. Nxf4 Qxh5 28. Nxh5 Bxg2 $15) 27... Kxf7) 26. Bxc7 $2 (26. Nf6+ $1 {[%mdl 512]} gxf6 27. gxf6 Bxf4 28. Rxf4) 26... exd5 27. Qf7+ Kh8 {next ...d4 is good for Black.} 28. cxd5 Ne6 $2 (28... Bb5 $18) 29. dxe6 Bxg2 {[#]} 30. Rd7 $1 {[%mdl 512] Accuracy: White = 58%, Black = 33%.} 1-0

[Event "ISR-chT 2020"]
[Site "Israel"]
[Date "2020.02.07"]
[Round "5.21"]
[White "Bagrationi, Alexander"]
[Black "Zifroni, Dov"]
[Result "1/2-1/2"]
[WhiteElo "2491"]
[BlackElo "2452"]
[Annotator "TA"]
[PlyCount "62"]
[EventDate "2020.01.10"]
[EventType "team-tourn"]
[EventCountry "ISR"]
[SourceTitle "playchess.com"]
[Source "ChessBase"]
[SourceQuality "1"]

{[%evp 19,62,0,0,0,0,0,0,0,6,0,0,0,0,0,0,0,-8,-6,0,0,0,0,0,0,0,0,17,10,23,16,42,49,40,18,27,22,20,8,10,10,13,11,10,0,14]} 1. d4 Nf6 2. c4 e6 3. Nf3 d5 4. g3 Bb4+ 5. Bd2 Be7 6. Bg2 O-O 7. O-O c6 8. Qc2 Nbd7 9. Bf4 b6 10. cxd5 cxd5 11. Qa4 {E08: Closed Catalan: Main Line: 7 Qc2.} Bb7 12. Rc1 Rc8 13. Nbd2 a6 {[#]} 14. Qb3 $146 ({Predecessor:} 14. Qd1 Nh5 15. Rxc8 Bxc8 16. Rc1 Nxf4 17. gxf4 Bb7 18. e3 Qb8 19. a3 Rc8 20. Ne5 Rxc1 {½-½ (20) Ghaem Maghami,E (2551)-Wei,Y (2694) Tashkent 2016}) 14... Rxc1+ 15. Rxc1 Qa8 16. Ne5 Rc8 17. Rc3 Nxe5 18. Bxe5 Rxc3 19. Qxc3 Bc6 20. h3 a5 21. g4 Bb5 22. e3 Nd7 23. Bg3 Bb4 24. Qc2 Qc6 25. Qxc6 Bxc6 26. Nb1 Kf8 27. a3 Be7 {The position is equal.} 28. Bc7 Ke8 29. Nc3 Bd8 30. Bd6 Be7 31. Bc7 Bd8 {Accuracy: White = 100%, Black = 95%.} 1/2-1/2